| 000 | 00664nam a2200217 i 4500 | ||
|---|---|---|---|
| 001 | 23922 | ||
| 003 | ES-MaACL | ||
| 005 | 20250808062720.0 | ||
| 007 | t| | ||
| 008 | 021213s1952 sp ||||1| spa d | ||
| 100 | 0 |
_aAnselmo _cSanto, Arzobispo de Canterbury. _921838 |
|
| 245 | 1 | 0 |
_aObras completas de San Anselmo / _cpor Julián Alameda. |
| 260 |
_aMadrid : _bLa Editorial Católica, _c1952. |
||
| 300 |
_a897 p. ; _c20 cm. |
||
| 490 | 1 | _aBiblioteca de autores cristianos | |
| 505 | 8 | _aContiene: T. I | |
| 700 | 1 |
_aAlameda, Julián. _919097 |
|
| 830 | 0 | 0 |
_aBiblioteca de autores cristianos _9178679 |
| 852 |
_aES-MaACL _jE-3622 |
||
| 999 |
_c23922 _d23922 |
||